Kongres v Sydney aj o etike v energetike

Informácie z 19. Svetového energetického kongresu. História kongresov. Trvalo udržateľný rozvoj v energetike. Liberalizácia energetiky. Hrozivé výpadky elektrickej energie - blackouty - už nie sú iba doménou rozvojových krajín. Ropa a plyn sú rizikové politické komodity budúcnosti. Potreba zabezpeče...

Descrizione completa

Salvato in:
Dettagli Bibliografici
Autore principale: Dermek, Jozef
Natura: Capitolo di libro
Lingua:slovacco
Soggetti:
Tags: Aggiungi Tag
Nessun Tag, puoi essere il primo ad aggiungerne!!

MARC

LEADER 00000naa$a2200000$$$4500
001 0025594
005 20231006120401.2
041 0 |a slo 
044 |a SK 
245 1 0 |a Kongres v Sydney aj o etike v energetike  |c Jozef Dermek 
520 |a Informácie z 19. Svetového energetického kongresu. História kongresov. Trvalo udržateľný rozvoj v energetike. Liberalizácia energetiky. Hrozivé výpadky elektrickej energie - blackouty - už nie sú iba doménou rozvojových krajín. Ropa a plyn sú rizikové politické komodity budúcnosti. Potreba zabezpečenie energetickej bezpečnosti. Nasledujúci kongres bude v r. 2007, v Ríme. 
610 2 0 |a energetika 
610 2 0 |a etika 
610 2 0 |a kongresy 
610 2 0 |a rozvoj trvalo udržateľný 
610 2 0 |a bezpečnosť 
610 2 0 |a Sydney 
610 2 0 |a 2004 
100 1 |a Dermek, Jozef